Postacie z Brawl Stars - Statystyki

Ogólne statystyki
  • Ten quiz został rozwiązany 118 razy
    92 od ostatniego zresetowania
  • Średni wynik to 24 z 39
Statystyki odpowiedzi
Odpowiedź % Poprawnych
Shelly
96%
Nita
92%
Bull
89%
Colt
89%
Leon
85%
Kruk
81%
Spike
78%
Brock
75%
Emz
74%
Rosa
74%
Dynamike
73%
El Primo
71%
Jessie
71%
Mortis
71%
Tick
68%
Bo
66%
Sandy
66%
Barley
64%
Frank
64%
Poco
62%
Bibi
60%
8-bitowiec
59%
Rico
59%
Tara
59%
Penny
58%
Gale
56%
Darryl
55%
Pam
55%
Gene
53%
Piper
53%
Bea
48%
Carl
48%
Jacky
47%
Maks
45%
Pan P
38%
Kiełek
36%
Nani
33%
Surge
22%
Colette
19%
Nie znaleziono quizów pasujących do podanych kryteriów
Rozkład punktacji
Procent ludzi z każdym wynikiem
Percentyl według liczby udzielonych odpowiedzi
Twoja historia wyników
Nie rozwiązałeś tego quizu od ostatniego zresetowania